<?xml version="1.0" encoding="UTF-8"?>
<collection xmlns="http://www.loc.gov/MARC21/slim">
 <record>
  <leader>01671aam a22002538a 4500</leader>
  <controlfield tag="001">NCT_19044</controlfield>
  <controlfield tag="008">150409s2015                  ||||||viesd</controlfield>
  <datafield tag="999" ind1=" " ind2=" ">
   <subfield code="c">902</subfield>
   <subfield code="d">902</subfield>
  </datafield>
  <datafield tag="020" ind1=" " ind2=" ">
   <subfield code="c">67000</subfield>
  </datafield>
  <datafield tag="082" ind1="0" ind2="4">
   <subfield code="2">23rd ed.</subfield>
   <subfield code="a">363.7285</subfield>
   <subfield code="b">Nh507</subfield>
  </datafield>
  <datafield tag="100" ind1="1" ind2=" ">
   <subfield code="a">Trần Hiếu Nhuệ</subfield>
  </datafield>
  <datafield tag="245" ind1="0" ind2="0">
   <subfield code="a">Quản lý chất thải rắn</subfield>
   <subfield code="n">Tập 1</subfield>
   <subfield code="p">Chất thải rắn đô thị</subfield>
   <subfield code="c">Trần Hiếu Nhuệ, Nguyễn Thị Kim Thái, Ứng Quốc Dũng</subfield>
  </datafield>
  <datafield tag="250" ind1=" " ind2=" ">
   <subfield code="a">Tái bản</subfield>
  </datafield>
  <datafield tag="260" ind1=" " ind2=" ">
   <subfield code="a">H.</subfield>
   <subfield code="b">Xây dựng</subfield>
   <subfield code="c">2012</subfield>
  </datafield>
  <datafield tag="300" ind1=" " ind2=" ">
   <subfield code="a">207 tr.</subfield>
   <subfield code="b">Minh họa</subfield>
   <subfield code="c">27cm</subfield>
  </datafield>
  <datafield tag="520" ind1="3" ind2=" ">
   <subfield code="a">Những kiến thức về các biện pháp thu gom, tập trung, vận chuyện và xử lý chất thải rắn đô thị. các phương pháp tận thu quản lý các chất thải từ hoạt động công nghiệp v.v...</subfield>
  </datafield>
  <datafield tag="700" ind1="1" ind2=" ">
   <subfield code="a">Ứng Quốc Dũng</subfield>
  </datafield>
  <datafield tag="700" ind1="1" ind2=" ">
   <subfield code="a">Nguyễn Thị Kim Thái</subfield>
  </datafield>
  <datafield tag="942" ind1=" " ind2=" ">
   <subfield code="2">ddc</subfield>
   <subfield code="c">BK</subfield>
  </datafield>
  <datafield tag="952" ind1=" " ind2=" ">
   <subfield code="0">0</subfield>
   <subfield code="1">0</subfield>
   <subfield code="2">ddc</subfield>
   <subfield code="4">0</subfield>
   <subfield code="6">363_728500000000000_NH507</subfield>
   <subfield code="7">0</subfield>
   <subfield code="9">5460</subfield>
   <subfield code="a">000001</subfield>
   <subfield code="b">000001</subfield>
   <subfield code="d">2017-12-04</subfield>
   <subfield code="l">1</subfield>
   <subfield code="o">363.7285 Nh507</subfield>
   <subfield code="p">MD.03704</subfield>
   <subfield code="r">2019-03-14</subfield>
   <subfield code="s">2019-03-01</subfield>
   <subfield code="v">67000.00</subfield>
   <subfield code="w">2017-12-04</subfield>
   <subfield code="y">BK</subfield>
  </datafield>
  <datafield tag="952" ind1=" " ind2=" ">
   <subfield code="0">0</subfield>
   <subfield code="1">0</subfield>
   <subfield code="2">ddc</subfield>
   <subfield code="4">0</subfield>
   <subfield code="6">363_728500000000000_NH507</subfield>
   <subfield code="7">0</subfield>
   <subfield code="9">5461</subfield>
   <subfield code="a">000001</subfield>
   <subfield code="b">000001</subfield>
   <subfield code="d">2017-12-04</subfield>
   <subfield code="l">4</subfield>
   <subfield code="o">363.7285 Nh507</subfield>
   <subfield code="p">MD.03705</subfield>
   <subfield code="r">2020-12-01</subfield>
   <subfield code="s">2020-11-17</subfield>
   <subfield code="v">67000.00</subfield>
   <subfield code="w">2017-12-04</subfield>
   <subfield code="y">BK</subfield>
  </datafield>
  <datafield tag="952" ind1=" " ind2=" ">
   <subfield code="0">0</subfield>
   <subfield code="1">0</subfield>
   <subfield code="2">ddc</subfield>
   <subfield code="4">0</subfield>
   <subfield code="6">363_728500000000000_NH507</subfield>
   <subfield code="7">0</subfield>
   <subfield code="9">5462</subfield>
   <subfield code="a">000001</subfield>
   <subfield code="b">000001</subfield>
   <subfield code="d">2017-12-04</subfield>
   <subfield code="l">3</subfield>
   <subfield code="o">363.7285 Nh507</subfield>
   <subfield code="p">MD.03706</subfield>
   <subfield code="r">2020-12-17</subfield>
   <subfield code="s">2020-12-02</subfield>
   <subfield code="v">67000.00</subfield>
   <subfield code="w">2017-12-04</subfield>
   <subfield code="y">BK</subfield>
  </datafield>
  <datafield tag="952" ind1=" " ind2=" ">
   <subfield code="0">0</subfield>
   <subfield code="1">0</subfield>
   <subfield code="2">ddc</subfield>
   <subfield code="4">0</subfield>
   <subfield code="6">363_728500000000000_NH507</subfield>
   <subfield code="7">0</subfield>
   <subfield code="9">5463</subfield>
   <subfield code="a">000001</subfield>
   <subfield code="b">000001</subfield>
   <subfield code="d">2017-12-04</subfield>
   <subfield code="o">363.7285 Nh507</subfield>
   <subfield code="p">MD.03707</subfield>
   <subfield code="r">2017-12-04</subfield>
   <subfield code="v">67000.00</subfield>
   <subfield code="w">2017-12-04</subfield>
   <subfield code="y">BK</subfield>
  </datafield>
  <datafield tag="980" ind1=" " ind2=" ">
   <subfield code="a">Thư viện Trường Đại học Nam Cần Thơ</subfield>
  </datafield>
 </record>
</collection>
